Computational methods in molecular biology (Record no. 1441)
[ view plain ]
| 000 -LEADER | |
|---|---|
| fixed length control field | 00504nam a2200181Ia 4500 |
| 008 - FIXED-LENGTH DATA ELEMENTS--GENERAL INFORMATION | |
| fixed length control field | 130318s9999 xx 000 0 und d |
| 020 ## - INTERNATIONAL STANDARD BOOK NUMBER | |
| International Standard Book Number | 444502041 |
| 082 ## - DEWEY DECIMAL CLASSIFICATION NUMBER | |
| Classification number | 570.2 BER/C |
| 100 ## - MAIN ENTRY--PERSONAL NAME | |
| Personal name | Bernardi, G |
| 245 ## - TITLE STATEMENT | |
| Title | Computational methods in molecular biology |
| 260 ## - PUBLICATION, DISTRIBUTION, ETC. | |
| Name of publisher, distributor, etc. | Elsevier |
| Place of publication, distribution, etc. | Amsterdam |
| Date of publication, distribution, etc. | 1998 |
| 300 ## - PHYSICAL DESCRIPTION | |
| Extent | 371 |
| 440 ## - SERIES STATEMENT/ADDED ENTRY--TITLE | |
| Title | New Comprehensive Biochemistry Volume 32 |
| 650 ## - SUBJECT ADDED ENTRY--TOPICAL TERM | |
| Topical term or geographic name entry element | COMPUTATIONAL BIOLOGY |
| 650 ## - SUBJECT ADDED ENTRY--TOPICAL TERM | |
| Topical term or geographic name entry element | MOLECULAR BIOLOGY |
| 700 ## - ADDED ENTRY--PERSONAL NAME | |
| Personal name | Salzberg, Steven L |
| 700 ## - ADDED ENTRY--PERSONAL NAME | |
| Personal name | Searls, D.B |
| Withdrawn status | Lost status | Damaged status | Not for loan | Collection code | Home library | Current library | Shelving location | Date acquired | Cost, normal purchase price | Total Checkouts | Full call number | Barcode | Date last seen | Date last checked out | Price effective from | Koha item type |
|---|---|---|---|---|---|---|---|---|---|---|---|---|---|---|---|---|
| Bioinformatics | Kerala University of Digital Sciences, Innovation and Technology Knowledge Centre | Kerala University of Digital Sciences, Innovation and Technology Knowledge Centre | Bioinformatics | 18/03/2013 | 2797.00 | 2 | 570.2 BER/C | 1448 | 28/04/2024 | 28/04/2024 | 18/03/2013 | Books |